|
|
|
|
| LEADER |
02720nam a2200709 i 4500 |
| 001 |
nkc20233517005 |
| 003 |
CZ PrNK |
| 005 |
20240205093903.0 |
| 007 |
ta |
| 008 |
230420s2023 xr ach e 001 0ccze |
| 015 |
|
|
|a cnb003517005
|
| 020 |
|
|
|a 978-80-7646-032-4
|q (Jihočeské muzeum ;
|q vázáno)
|
| 020 |
|
|
|a 978-80-7036-762-9
|q (Národní muzeum ;
|q vázáno)
|
| 035 |
|
|
|a (OCoLC)1420607936
|
| 040 |
|
|
|a BOA001
|b cze
|e rda
|
| 041 |
0 |
|
|a cze
|b eng
|
| 043 |
|
|
|a e-xr---
|b e-xr-jc
|2 czenas
|
| 045 |
|
|
|a w-x-
|
| 072 |
|
7 |
|a 929
|x Biografie
|2 Konspekt
|9 8
|
| 080 |
|
|
|a 929.5
|2 MRF
|
| 080 |
|
|
|a 929-058.1-027.541
|2 MRF
|
| 080 |
|
|
|a 658.114-051
|2 MRF
|
| 080 |
|
|
|a 32-051
|2 MRF
|
| 080 |
|
|
|a 37.011-051
|2 MRF
|
| 080 |
|
|
|a 929
|2 MRF
|
| 080 |
|
|
|a (437.319)
|2 MRF
|
| 080 |
|
|
|a (048.8)
|2 MRF
|
| 080 |
|
|
|a (092)
|2 MRF
|
| 100 |
1 |
|
|a Swierczeková, Lucie,
|d 1978-
|7 mzk2008430751
|4 aut
|
| 245 |
1 |
0 |
|a Rodina Augusta Zátky /
|c Lucie Swierczeková
|
| 250 |
|
|
|a Vydání první
|
| 264 |
|
1 |
|a V Českých Budějovicích :
|b Jihočeské muzeum ;
|a [Praha] :
|b Národní muzeum,
|c 2023
|
| 300 |
|
|
|a 263 stran :
|b ilustrace (některé barevné), portréty, faksimile ;
|c 23 cm
|
| 336 |
|
|
|a text
|b txt
|2 rdacontent
|
| 337 |
|
|
|a bez média
|b n
|2 rdamedia
|
| 338 |
|
|
|a svazek
|b nc
|2 rdacarrier
|
| 500 |
|
|
|a 500 výtisků
|
| 504 |
|
|
|a Obsahuje bibliografii, bibliografické odkazy a rejstřík
|
| 546 |
|
|
|a Anglické resumé
|
| 600 |
3 |
7 |
|a Zátkovi (rodina)
|7 xx0166083
|2 czenas
|
| 648 |
|
7 |
|a 19.-20. století
|7 ch757015
|2 czenas
|
| 650 |
0 |
7 |
|a rody
|7 ph125190
|z Česko
|y 19.-20. století
|2 czenas
|
| 650 |
0 |
7 |
|a osobnosti regionu
|7 ph406516
|z Česko
|y 19.-20. století
|2 czenas
|
| 650 |
0 |
7 |
|a podnikatelé
|7 ph124163
|z Česko
|y 19.-20. století
|2 czenas
|
| 650 |
0 |
7 |
|a politici
|7 ph115781
|z Česko
|y 19.-20. století
|2 czenas
|
| 650 |
0 |
7 |
|a osvětoví pracovníci
|7 ph265648
|z Česko
|y 19.-20. století
|2 czenas
|
| 650 |
0 |
9 |
|a families
|z Czechia
|y 19th-20th centuries
|2 eczenas
|
| 650 |
0 |
9 |
|a regional celebrities
|z Czechia
|y 19th-20th centuries
|2 eczenas
|
| 650 |
0 |
9 |
|a businessmen
|z Czechia
|y 19th-20th centuries
|2 eczenas
|
| 650 |
0 |
9 |
|a politicians
|z Czechia
|y 19th-20th centuries
|2 eczenas
|
| 650 |
0 |
9 |
|a adult educators
|z Czechia
|y 19th-20th centuries
|2 eczenas
|
| 651 |
|
7 |
|a České Budějovice (Česko)
|7 ge131699
|2 czenas
|
| 651 |
|
9 |
|a České Budějovice (Czechia)
|2 eczenas
|
| 655 |
|
7 |
|a monografie
|7 fd132842
|2 czenas
|
| 655 |
|
7 |
|a biografie
|7 fd131909
|2 czenas
|
| 655 |
|
9 |
|a monographs
|2 eczenas
|
| 655 |
|
9 |
|a biography
|2 eczenas
|
| 910 |
2 |
|
|a BOA001
|b 2-1516.229
|
| 990 |
|
|
|a BK
|
| 995 |
|
|
|a 01
|
| 991 |
|
|
|b 202311
|c NOV
|
| 996 |
6 |
|
|b 2610953539
|c 2-1516.229
|l MZK
|r Sklad / do 1 hodiny
|n 0
|p p.v.
|w 001944657
|u 000010
|a 1
|e BOA001
|j MZK50
|s P
|